Ručně malovaná mapa Hodonínsko = Hand painted map Hodonínsko /
| Main Author: | Pazdera, Miroslav |
|---|---|
| Language: | Slovak Czech English |
| Published: |
Zlín : CBS Nakladatelství, 2017 |
| Edition: | I. vydání |
| Physical Description: |
1 mapa : barevná ; 51 x 76 cm, na listu 59 x 84 cm, složeno na 12 x 22 cm + 1 příloha (51 stran ; 22 cm) |
| Language note: |
Místní jména česky a částečně slovensky, na rubu souběžný český a anglický vlastivědný text |
| LEADER | 01976nem a2200481 i 4500 | ||
|---|---|---|---|
| 001 | nkc20172901069 | ||
| 003 | CZ PrNK | ||
| 005 | 20250122115151.0 | ||
| 007 | aj canzn | ||
| 008 | 170602s2017 xr i a 1 cze | ||
| 015 | |a cnb002901069 | ||
| 020 | |a 978-80-87724-81-1 | ||
| 034 | 1 | |a a |b 80000 |d E0165012 |e E0174322 |f N0491453 |g N0484607 | |
| 040 | |a BOA001 |b cze |d ABA001 |e rda | ||
| 041 | 0 | |a cze |a eng |a slo | |
| 043 | |a e-xr--- |b e-xr-jm |2 czenas | ||
| 072 | 7 | |a 913(437) |x Geografie Česka a Slovenska, reálie, cestování |2 Konspekt |9 7 | |
| 072 | 7 | |a 912 |x Mapy. Atlasy. Glóby |2 Konspekt |9 7 | |
| 080 | |a 913(437.322) |2 MRF | ||
| 080 | |a (084.3) |2 MRF | ||
| 100 | 1 | |a Pazdera, Miroslav |7 ola2013746089 |4 ill | |
| 245 | 1 | 0 | |a Ručně malovaná mapa Hodonínsko = |b Hand painted map Hodonínsko / |c malba mapy Miroslav Pazdera |
| 246 | 1 | |i Název v tiráži: |a Hodonínsko | |
| 246 | 3 | 0 | |a Hodonínsko |
| 246 | 3 | 1 | |a Hand painted map Hodonínsko |
| 250 | |a I. vydání | ||
| 255 | |a Měřítko 1:80 000 |c (E 16°50'12"--E 17°43'22"/N 49°14'53"--N 48°46'07") | ||
| 264 | 1 | |a Zlín : |b CBS Nakladatelství, |c 2017 | |
| 300 | |a 1 mapa : |b barevná ; |c 51 x 76 cm, na listu 59 x 84 cm, složeno na 12 x 22 cm + |e 1 příloha (51 stran ; 22 cm) | ||
| 336 | |a kartografický obraz |b cri |2 rdacontent | ||
| 337 | |a bez média |b n |2 rdamedia | ||
| 338 | |a list |b nb |2 rdacarrier | ||
| 500 | |a Ve společných plastových deskách | ||
| 500 | |a Obsahuje rejstřík | ||
| 500 | |a V textové příloze partnerská města a obce projektu Malovaná mapa Hodonínsko | ||
| 546 | |a Místní jména česky a částečně slovensky, na rubu souběžný český a anglický vlastivědný text | ||
| 651 | 7 | |a Hodonín (Česko : oblast) |7 ge134218 |2 czenas | |
| 655 | 7 | |a mapy |7 fd132800 |2 czenas | |
| 910 | 2 | |a BOA001 |b Mp2-1390.485 | |
| 990 | |a MP | ||
| 995 | |a 01 | ||
| 991 | |b 201707 |c NOV | ||
| 996 | 6 | |b 2610710457 |c Mp2-1390.485 |l MZK |r Sklad / do 1 hodiny |n 0 |p p.v. |w 001615749 |u 000010 |a 1 |e BOA001 |j MZK50 |s P | |
English
Čeština 